000 00725nam a22002537a 4500
003 UA-OsUOA
001 21018
007 ta
008 20031111b un ||||| |||| 00| 0 ukr d
100 _aСтельмах С.
090 _a930.23
_bС79
942 _cBK
040 _aUA-OsUOA
_brus
_cUA-OsUOA
_dUA-OsUOA
245 _aІсторична думка в Україні XIX - початку XX століття
300 _a176 с.
955 _a2
041 _arus
080 _a930.23
020 _a966-580-002-7
260 _aКиїв
_bАкадемія
_c1997
044 _aUA
650 7 _a930 Історична наука. Допоміжні історичні дисципліни
_2UDC
999 _c307209
_d307209